| 000 | 00938nam a22002655a 4500 | ||
|---|---|---|---|
| 008 | 150827t1979 u a|||fr|||| 00| 0 eng d | ||
| 010 | _a 94642393 | ||
| 020 | _a0906674018 | ||
| 035 | _a(OCoLC)ocm08268513 | ||
| 040 |
_aEG-ScBuE _beng _cEG-ScBuE |
||
| 082 | 0 | 0 |
_a621.4020151 _2NUM _b22 |
| 245 | 1 | 0 |
_aNumerical methods in thermal problems : _bproceedings of the first international conference held at University College, Swansea on 2nd-6th July, 1979. |
| 260 |
_aSwansea : _bPineridge Press, _cc.1979 |
||
| 300 |
_a1155 p. : _bill. ; _c24 cm. |
||
| 590 | _ayassmeen ashraf | ||
| 650 | 0 |
_aHeat _xTransmission _xMathematics _vCongresses. _2BUEsh |
|
| 650 | 0 |
_aMass transfer _xMathematics _vCongresses. _2BUEsh |
|
| 650 | 0 |
_aNumerical analysis _vCongresses. _2BUEsh |
|
| 651 | _2BUEsh | ||
| 653 |
_bENGCIV _cAugust2015 |
||
| 655 |
_vreading book _934232 |
||
| 700 | 1 | _aLewis,R.W. | |
| 700 | 1 | _aMorgan,K. | |
| 942 |
_cNB _k621.4020151 NUM _2ddc |
||
| 999 |
_c3151 _d3151 |
||